Central Library OPAC University of Rajshahi

The balance of truth / (Record no. 32831)

MARC details
000 -LEADER
fixed length control field 00947nam a22002772a 4500
001 - CONTROL NUMBER
control field 32831
003 - CONTROL NUMBER IDENTIFIER
rucl marc code BD-RjUL
005 - DATE AND TIME OF LATEST TRANSACTION
control field 20211209051913.0
008 - FIXED-LENGTH DATA ELEMENTS--GENERAL INFORMATION
fixed length control field 140428s1957 enk 001 0 eng d
035 ## - SYSTEM CONTROL NUMBER
System control number OCLC ocm16770477 from D960117M
-- (BD-RjUL)32921
040 ## - CATALOGING SOURCE
Original cataloging agency ORZ
Transcribing agency ORZ
Modifying agency HUC
-- BD-RjUL
Language of cataloging eng
041 1# - LANGUAGE CODE
Language code of text/sound track or separate title eng
Language code of original und
082 ## - DEWEY DECIMAL CLASSIFICATION NUMBER
Classification number 297
Author mark and year CHB 1957
090 ## - LOCALLY ASSIGNED LC-TYPE CALL NUMBER (OCLC); LOCAL CALL NUMBER (OCLC)
Classification number (OCLC) (R) ; Classification number, CALL (RLIN) (NR) BP166
Local cutter number (OCLC) ; Book number/undivided call number, CALL (RLIN) .K3
100 0# - MAIN ENTRY--PERSONAL NAME
Personal name Celebi, Katip
Dates associated with a name 1609-1657.
9 (RLIN) 99823
245 14 - TITLE STATEMENT
Title The balance of truth /
Statement of responsibility, etc. by Kātib Chelebi. Translated with an introd. and notes by G.L. Lewis
260 ## - PUBLICATION, DISTRIBUTION, ETC. (IMPRINT)
Place of publication, distribution, etc. London :
Name of publisher, distributor, etc. Allen and Unwin,
Date of publication, distribution, etc. 1957.
300 ## - PHYSICAL DESCRIPTION
Pagination [4] 160 p. ;
Size 19 cm
490 1# - SERIES STATEMENT
Series statement Ethical and religious classics of East and West ;
Volume/sequential designation no. 19
504 ## - BIBLIOGRAPHY, ETC. NOTE
Bibliography, etc Includes index.
650 #0 - SUBJECT ADDED ENTRY--TOPICAL TERM
Topical term or geographic name as entry element Islam
General subdivision Customs and practices
9 (RLIN) 99824
700 1# - ADDED ENTRY--PERSONAL NAME
Personal name Lewis, Geoffrey,
Dates associated with a name 1920-2008
830 #0 - SERIES ADDED ENTRY--UNIFORM TITLE
Volume number/sequential designation no. 19
830 #0 - SERIES ADDED ENTRY--UNIFORM TITLE
Uniform title Ethical and religious classics of East and West ;
942 ## - ADDED ENTRY ELEMENTS (KOHA)
Source of classification or shelving scheme Dewey Decimal Classification
Koha item type Books
Holdings
Lost status Source of classification or shelving scheme Damaged status Not for loan Collection code Permanent Location Current Location Shelving location Date acquired Source of acquisition Cost, normal purchase price Total Checkouts Full call number Date last seen Copy number Koha item type
  Dewey Decimal Classification   Not For Loan Non-fiction Central Library, University of Rajshahi Central Library, University of Rajshahi Reading Room 18/07/1964 Zeitlinger 18.00   297 CHB 1957 28/04/2014 C-1 Books